Response of tomato (lycopersicon esculentum) to organic and inorganic fertilizer application on the sandy soil. ឥទ្ធិពលជីគីមី និងជីសរីរាង្គ លើដំណាំប៉េងប៉ោះ​(Lycopersicon esculentum) លើដីល្បាយខ្សាច់ (Record no. 6556)

000 -LEADER
fixed length control field 00700nam a22001577a 4500
003 - CONTROL NUMBER IDENTIFIER
control field OSt
005 - DATE AND TIME OF LATEST TRANSACTION
control field 20160208141324.0
008 - FIXED-LENGTH DATA ELEMENTS--GENERAL INFORMATION
fixed length control field 160208b xxu||||| |||| 00| 0 eng d
040 ## - CATALOGING SOURCE
Transcribing agency RUA
082 ## - DEWEY DECIMAL CLASSIFICATION NUMBER
Classification number MGR HIN 2004 B376 Or.1
100 ## - MAIN ENTRY--PERSONAL NAME
9 (RLIN) 6967
Personal name HING THIDA; ហ៊ីង ធីតា
245 ## - TITLE STATEMENT
Title Response of tomato (lycopersicon esculentum) to organic and inorganic fertilizer application on the sandy soil. ឥទ្ធិពលជីគីមី និងជីសរីរាង្គ លើដំណាំប៉េងប៉ោះ​(Lycopersicon esculentum) លើដីល្បាយខ្សាច់
260 ## - PUBLICATION, DISTRIBUTION, ETC. (IMPRINT)
Place of publication, distribution, etc. Phnom Penh
Name of publisher, distributor, etc. RUA
Date of publication, distribution, etc. 2004
300 ## - PHYSICAL DESCRIPTION
Extent x ;55p.
Other physical details ill.
Dimensions 29cm.
942 ## - ADDED ENTRY ELEMENTS (KOHA)
Source of classification or shelving scheme
Koha item type MGR
Holdings
Price effective from Date last seen Permanent Location Not for loan Date acquired Source of classification or shelving scheme Koha item type Lost status Withdrawn status Date last checked out Total Checkouts Shelving location Damaged status Barcode Current Location Full call number
2016-02-082022-12-13Library Block B 2016-02-08 MGR  2022-12-071B376 RUA048711Library Block BMGR HIN 2004 B376 Or.1
2016-02-082016-02-08Library Block B 2016-02-08 MGR    B376 RUA050053Library Block BMGR HIN 2004 B376 Or.2
2016-02-082020-11-11Library Block B 2016-02-08 MGR  2020-11-043B376 RUA050537Library Block BMGR HIN 2004 B376 Or.3
2016-02-082024-06-21Library Block B 2016-02-08 MGR  2024-06-213B376 RUA050285Library Block BMGR HIN 2004 B376 Or.4
មជ្ឈមណ្ឌលឯការនៃសាកលវិទ្យាល័យភូមិន្ទកសិកម្មចំការដូង

Powered by Koha